Jordan, LeBron ou Kobe ? - Statistiques

Statistiques générales
  • Ce quiz a été pris 617 fois
  • Le résultat moyen est 10 sur 14
Statistiques - réponses
Question Réponse % Correct
Qui a le record de points inscrits en carrière ? Lebron
94%
Qui a eu une courte carrière dans le baseball ? Jordan
92%
Lequel n'a joué que dans une seule franchise dans sa carrière? Kobe
91%
Qui a inscrit le plus de points dans un seul match ? Kobe
89%
Qui a gagné le plus de titres ? Jordan
88%
Quel joueur a déjà été titulaire à chaque poste ? Lebron
84%
Qui a marqué un lancer franc les yeux fermés ? Jordan
78%
Qui a remporté le plus de titres de MVP ? Jordan
74%
Lequel n'a jamais gagné le concours de dunk ? Lebron
73%
Qui est né à Philadelphie ? Kobe
65%
Qui a sorti un album de rap ? Kobe
60%
Lequel n'a gagné le titre de meilleur marqueur NBA qu'une seule fois ? Lebron
59%
Qui a le meilleur % à trois points en carrière ? Lebron
50%
Qui est le goat ? Qui suis-je pour juger ?
44%
Aucun quiz correspondant
Distribution des résultats
% des personnes avec chaque résultat
Percentile par nombre de réponses
Votre historique - résultats
Vous n’avez pas pris ce quiz